| 000 | 00346nam a2200145Ia 4500 | ||
|---|---|---|---|
| 005 | 20251222153618.0 | ||
| 008 | 251222s9999||||xx |||||||||||||| ||spa|| | ||
| 020 | _a849346791X | ||
| 082 | _a813.6/R84/2006 | ||
| 100 | _aRosenberg, Joel C. | ||
| 245 | 0 | _aLa Ăšltima Cruzada | |
| 250 | _a1a. ed. | ||
| 264 | _bEditorial Via Magna | ||
| 942 | _cLIB | ||
| 999 |
_c31864 _d31864 |
||